书目信息 |
| 题名: |
太极拳与静坐
|
|
| 作者: | 南怀瑾 讲述 | |
| 分册: | ||
| 出版信息: | 北京 东方出版社 2020.04 |
|
| 页数: | 105页 | |
| 开本: | 19cm | |
| 丛书名: | ||
| 单 册: | ||
| 中图分类: | G852.11 , R214 | |
| 科图分类: | ||
| 主题词: | 太极拳--tai ji quan--基本知识 , 静功--jing gong--基本知识 | |
| 电子资源: | ||
| ISBN: | 978-7-5207-0756-5 | |
| 000 | 00856nam0 2200265 450 | |
| 001 | 0109110031 | |
| 005 | 20201109110332.0 | |
| 010 | @a978-7-5207-0756-5@dCNY28.00 | |
| 100 | @a20200602d2020 em y0chiy50 ea | |
| 101 | 0 | @achi |
| 102 | @aCN@b110000 | |
| 105 | @aa z 000yy | |
| 106 | @ar | |
| 200 | 1 | @a太极拳与静坐@Atai ji quan yu jing zuo@f南怀瑾讲述 |
| 210 | @a北京@c东方出版社@d2020.04 | |
| 215 | @a105页@c照片@d19cm | |
| 314 | @a南怀瑾,1918年生,乐清南宅殿后村人。为佛学大师、禅宗大师、密宗上师。 | |
| 330 | @a本书为南怀瑾先生“太极拳与道功”之演讲和“静坐”问题解答之整理记述。 | |
| 606 | 0 | @a太极拳@Atai ji quan@x基本知识 |
| 606 | 0 | @a静功@Ajing gong@x基本知识 |
| 690 | @aG852.11@v5 | |
| 690 | @aR214@v5 | |
| 701 | 0 | @a南怀瑾@Anan huai jin@f(1918-2012)@4讲述 |
| 801 | 0 | @aCN@bBJSZM@c20201103 |
| 905 | @b1264441-5@dG852.11@e516@f5 | |
| 太极拳与静坐/南怀瑾讲述.-北京:东方出版社,2020.04 |
| 105页:照片;19cm |
| ISBN 978-7-5207-0756-5:CNY28.00 |
| 本书为南怀瑾先生“太极拳与道功”之演讲和“静坐”问题解答之整理记述。 |
| ● |
| 相关链接 |
|
|
|
|
正题名:太极拳与静坐
索取号:G852.11/516
 
预约/预借
| 序号 | 登录号 | 条形码 | 馆藏地/架位号 | 状态 | 备注 |
| 1 | 1264441 | 212644414 | 第一样本阅览室/ [索取号:G852.11/516] | 在馆 | |
| 2 | 1264442 | 212644423 | 教育系资料室/ [索取号:G852.11/516] | 在馆 | |
| 3 | 1264443 | 212644432 | 教育系资料室/ [索取号:G852.11/516] | 在馆 | |
| 4 | 1264444 | 212644441 | 第四借阅区/ [索取号:G852.11/516] | 在馆 | |
| 5 | 1264445 | 212644450 | 第四借阅区/ [索取号:G852.11/516] | 在馆 |